000 01154nam a22002777a 4500
003 dpl
005 20180910123611.0
008 180910b xxu||||| |||| 00| 0 eng d
010 _aB-142082
020 _c125 .00
_a812631124
035 _aB-142082, B-142086
037 _bCen Lib/Ret
040 _aDPL
_bHN
_c0
082 _a
_bभाटिया
100 _aभाटिया, जितेन्द्र
_971428
245 _aअगले अँधेरे तक /
_c जितेन्द् भाटिया
246 _aAgle andhere tak
_bby Jitendra Bhatiya
260 _aनई दिल्ली
_bभारतीय ज्ञानपीठ प्रकाशन
_c2005
270 _a18 , इंडस्ट्रियल एरिया लोधी रोड
_bनई दिल्ली
_e110003
300 _a168पृष्ठ.
_c21सेमी(सजिल्द)
650 _aहिंदी साहित्य
_971429
650 _a हिंदी कहानी
_971430
650 _aHindi literature
_971431
650 _aHindi story
_943117
942 _2ddc
_cHN
_h
_mभाटिया
999 _c117336
_d117336